| 000 | 00349nam a2200121Ia 4500 | ||
|---|---|---|---|
| 008 | 191201s2010 xx 000 0 und d | ||
| 100 | _aMahajan,Ritu & Other | ||
| 245 | 0 | _aPractical Manual of Biotechnology | |
| 260 |
_bVayu Education India _aNew Delhi _c2010 |
||
| 300 | _a586 | ||
| 650 | _aApplied Biochemistry & Clinical Chemistry | ||
| 942 |
_2ddc _cBK |
||
| 999 |
_c8393 _d8393 |
||